Julio Antonio Mella en El Machete /
Guardado en:
| Autor principal: | |
|---|---|
| Otros autores: | |
| Formato: | Libro |
| Idioma: | Español |
| Publicado: |
México :
Penélope,
1984, c1984
|
| Colección: | (Los Cuatro Jinetes)
|
| Temas: | |
| Etiquetas: |
Sin etiquetas, Sé el primero en etiquetar este registro!
|
MARC
| LEADER | 00000nam^a2200000^a^4500 | ||
|---|---|---|---|
| 001 | 000184469 | ||
| 005 | 20250521000000.0 | ||
| 009 | 20260310102116.044 | ||
| 037 | |a Acervo ITESO - Biblioteca | ||
| 041 | |a ESP | ||
| 082 | |a 320. 9729062 |b TIB | ||
| 100 | |a Tibol, Raquel |e (autor) | ||
| 245 | 1 | 0 | |a Julio Antonio Mella en El Machete / |c R. Tibol ; epílogo de E. Semo. |
| 264 | 4 | |a México : |b Penélope, |c 1984, c1984 | |
| 300 | |a 427 p. | ||
| 336 | |a texto |b txt |2 rdacontenido | ||
| 337 | |a sin mediación |b n |2 rdamedio | ||
| 338 | |a volumen |b nc |2 rdasoporte | ||
| 440 | 5 | |a (Los Cuatro Jinetes) | |
| 649 | |a XX | ||
| 650 | |a Militantes Políticos Cubanos | ||
| 650 | |a Revolucionarios Cubanos | ||
| 650 | |a Políticos Cubanos | ||
| 650 | |a Izquierda, La - |z Cuba - |x Historia | ||
| 650 | |a Comunismo - |z Cuba - |x Historia | ||
| 650 | |a Partidos Políticos - |z Cuba - |x Historia | ||
| 650 | |a Antiimperialismo - |z Cuba - |x Historia | ||
| 650 | |a Movimientos Estudiantiles - |z Cuba - |x Historia | ||
| 650 | |a Movimientos Sociales - |z Cuba - |x Historia | ||
| 650 | |a Movimientos Políticos - |z Cuba - |x Historia | ||
| 650 | |a Proceso Político - |z Cuba - |x Historia | ||
| 650 | |a Sistema Político - |z Cuba - |x Historia | ||
| 650 | |a Política - |z Cuba - |x Historia - |y 1898-1953 | ||
| 650 | |a Política - |z Cuba - |x Historia - |y Siglo XX | ||
| 650 | |a Cuba - |x Historia - |y 1898-1953 | ||
| 650 | |a Cuba - |x Historia - |y Siglo XX | ||
| 650 | |a Cuba - |x Condiciones Políticas | ||
| 650 | |a Artículos Periodísticos Cubanos | ||
| 650 | |a Columna Periodística | ||
| 650 | |a Periódicos - |z México (Ciudad) - |x Historia | ||
| 650 | |a Prensa - |z México (Ciudad) - |x Historia | ||
| 650 | |a Medios Impresos - |z México (Ciudad) | ||
| 650 | |a Periodismo - |z México (Ciudad) | ||
| 650 | |a Medios de Comunicación - |z México - |x Historia | ||
| 650 | |a Mella, Julio Antonio | ||
| 700 | |a Semo, Enrique |e (epílogo) | ||
| 910 | |a Fondo General | ||
| 920 | |a Impresos - Libros | ||
| 930 | |a Colección General | ||
| 905 | |a 101 | ||
| 901 | |a 0500125276 |b IT1 |c ACC |u 20250521 | ||
| 902 | |a https://opac.biblio.iteso.mx/vufind/Record/000184469 | ||